The essential Hemingway

Sábháilte in:
Sonraí bibleagrafaíochta
Príomhchruthaitheoir: Hemingway, Ernest
Formáid: LEABHAR
Teanga:Undetermined
Foilsithe / Cruthaithe: Middlesex, Inglaterra Penguin Books 1964
Ábhair:
Clibeanna: Cuir clib leis
Níl clibeanna ann, Bí ar an gcéad duine le clib a chur leis an taifead seo!

MARC

LEADER 00000nam a2200000Ia 4500
008 170316s9999 xx 000 0 und d
040 |a cru BVZT 
090 |a 810 H-13e 
100 |a Hemingway, Ernest 
245 4 |a The essential Hemingway 
260 |a Middlesex, Inglaterra 
260 |b Penguin Books 
260 |c 1964 
300 |a 463 páginas 
650 |a LITERATURA ESTADOUNIDENSE 
650 |a CRÍTICA 
650 |a HEMINGWAY 
999 |c 5710  |d 5710 
942 |c 15 D  |h 810 H-13e  |2 z